| 000 | 00000nas##2200000za#4500 |
| 001 | 9.502894 |
| 003 | CaOODSP |
| 005 | 20220328113231 |
| 007 | cr ||||||||||| |
| 008 | 150406c1995||||xxc|| m o||||f| |0fre|d |
| 040 | |aCaOODSP|bfre |
| 043 | |an-cn--- |
| 086 | 1 |aC2-280F-PDF |
| 110 | 1 |aCanada. |bIndustrie Canada. |
| 245 | 13|aLa Loi canadienne sur les sociétés par actions : |h[ressource électronique]|bdocument de consultation |
| 260 | |aOttawa - Ontario : |bIndustrie Canada |
| 500 | |a«Chaque document de consultation traite d'un aspect de la LCSA qui, de l'avis des gens d'affaires, devrait faire l'objet d'une réforme. Les documents serviront à orienter les consultations publiques qui auront lieu un peu plus tard cette année.»--Communiqué. |
| 520 | 3 |aChaque document de consultation traite d'un aspect de la LCSA qui, de l'avis des gens d'affaires, devrait faire l'objet d'une réforme. Les documents serviront à orienter les consultations publiques qui auront lieu un peu plus tard cette année.--Communiqué |
| 691 | 07|aDroit commercial|2gcpds |
| 691 | 07|aLégislation|2gcpds |
| 775 | 08|tCanada Business Corporations Act : |w(CaOODSP)9.506499 |
| 776 | 0#|tLa Loi canadienne sur les sociétés par actions : |w(CaOODSP)9.512845 |